NTSP CWTS 2 : A textbook for the new general education curriculum (Record no. 365660)
[ view plain ]
| 000 -LEADER | |
|---|---|
| fixed length control field | 00571nam a22001817a 4500 |
| 003 - CONTROL NUMBER IDENTIFIER | |
| control field | 0 |
| 005 - DATE AND TIME OF LATEST TRANSACTION | |
| control field | 20231120143237.0 |
| 008 - FIXED-LENGTH DATA ELEMENTS--GENERAL INFORMATION | |
| fixed length control field | 231120b xxu||||| |||| 00| 0 eng d |
| 020 ## - INTERNATIONAL STANDARD BOOK NUMBER | |
| International Standard Book Number | 978-621-409-176-8 |
| 050 ## - LIBRARY OF CONGRESS CALL NUMBER | |
| Classification number | U 660 |
| Item number | .N88 2022 |
| 245 ## - TITLE STATEMENT | |
| Title | NTSP CWTS 2 : A textbook for the new general education curriculum |
| 260 ## - PUBLICATION, DISTRIBUTION, ETC. (IMPRINT) | |
| Place of publication, distribution, etc | Mandaluyong City |
| Name of publisher, distributor, etc | Books Atbp. Publishing Corp. |
| Date of publication, distribution, etc | c2022. |
| 300 ## - PHYSICAL DESCRIPTION | |
| Extent | 278 pages ; |
| Dimensions | 25 cm. |
| 504 ## - BIBLIOGRAPHY, ETC. NOTE | |
| Bibliography, etc | Includes bibliographical references and index. |
| 650 ## - SUBJECT ADDED ENTRY--TOPICAL TERM | |
| Topical term or geographic name as entry element | Service training. |
| 650 ## - SUBJECT ADDED ENTRY--TOPICAL TERM | |
| Topical term or geographic name as entry element | Military education. |
| 942 ## - ADDED ENTRY ELEMENTS (KOHA) | |
| Source of classification or shelving scheme | Library of Congress Classification |
| Koha item type | Books |
| Withdrawn status | Lost status | Source of classification or shelving scheme | Damaged status | Home library | Current library | Shelving location | Date acquired | Source of acquisition | Sub Shelving location | Total Checkouts | Full call number | Barcode | Date last seen | Price effective from | Koha item type | Date checked out |
|---|---|---|---|---|---|---|---|---|---|---|---|---|---|---|---|---|
| Library of Congress Classification | College Library | College Library | Filipiniana Section | 11/20/2023 | Library Fund | U 660 .N88 2022 | C23105 | 11/20/2023 | 11/20/2023 | Books | ||||||
| Library of Congress Classification | College Library | College Library | Filipiniana Section | 11/20/2023 | Library Fund | 1 | U 660 .N88 2022 | C23106 | 07/01/2024 | 11/20/2023 | Books | 04/23/2024 | ||||
| Library of Congress Classification | College Library | College Library | Filipiniana Section | 11/20/2023 | Library Fund | U 660 .N88 2022 | C23107 | 11/20/2023 | 11/20/2023 | Books | ||||||
| Library of Congress Classification | College Library | College Library | Filipiniana Section | 11/20/2023 | Library Fund | U 660 .N88 2022 | C23108 | 11/20/2023 | 11/20/2023 | Books |